Journal of the Royal Statistical Society

Gespeichert in:
Bibliographische Detailangaben
Format: Schriftenreihe
Sprache:Englisch
Veröffentlicht: London Royal Statistical Society 1988
Tags: Tag hinzufügen
Keine Tags, Fügen Sie das erste Tag hinzu!

MARC

LEADER 00000nas2a2200000 4500
001 s041433
005 20250730114153.9
022 |a 0035-9246 
041 0 |a eng 
044 |a GB 
245 1 0 |a Journal of the Royal Statistical Society 
264 1 |a London  |b Royal Statistical Society  |c 1988 
300 |a 1 
773 0 |w eu_un_cat*s121634